| 000 | 01220nam a2200337 a 4500 | ||
|---|---|---|---|
| 001 | 000043240 | ||
| 003 | DO-SdBPM | ||
| 005 | 20251204132438.0 | ||
| 007 | ta | ||
| 008 | 140303s2013 dr 000 0 spa d | ||
| 020 | _a9789945074901(v.1) | ||
| 020 | _a9789945074918(v.2) | ||
| 020 | _a9789945074949(v.3) | ||
| 040 |
_aDO-SdBPM _bspa _cBPMSU _drda |
||
| 082 | 4 |
_a972.93 _bM671n, 2013 _222 |
|
| 100 | 1 |
_aMir, Pedro, _d1913-2000 _eautor _4aut. |
|
| 245 | 1 | 3 |
_aLa noción de período en la historia dominicana / _cPedro Mir. |
| 250 | _a2a. ed. | ||
| 264 |
_aSanto Domingo : _bArchivo General de la Nación, _c2013. |
||
| 300 |
_a3 vs. : _bilustraciones, tablas. ; _c24 cm. |
||
| 336 |
_atexto _btxt _2rdacontent |
||
| 337 |
_asin mediación _bn _2rdamedia |
||
| 338 |
_avolumen _bnc _2rdacarrier |
||
| 490 | 0 |
_aArchivo General de la Nación ; _aHistoria y sociedad, _v196/44,58,59 |
|
| 504 | _aIncluye datos biográficos del autor en la solapa de la cubierta. | ||
| 504 | _aIncluye bibliografía y notas al pie de las páginas. | ||
| 590 | _aInventariado, 2025/VM | ||
| 651 | 7 |
_aRepública Dominicana _xHistoria _xEnsayos, Conferencias, Etc. |
|
| 910 | _aVMateo V. Control de calidad. BPMSU | ||
| 942 |
_2ddc _cBK |
||
| 999 |
_c15563 _d15563 |
||